| 000 | 00516nam a22001817a 4500 | ||
|---|---|---|---|
| 005 | 20260227155714.0 | ||
| 008 | 260227b |||||||| |||| 00| 0 eng d | ||
| 020 | _a978-93-5696-623-9 | ||
| 050 |
_aRC 46 .M43 2024 V.2 _b1 |
||
| 100 | _aNADKAR, MILIND Y | ||
| 245 | _aMEDICINE UPDATE 2024, VOLUME 34 PART 2 | ||
| 260 |
_aNEW DELHI _bJAYPEE BROTHERS MEDICAL PUBLISHERS. _c2024. |
||
| 300 | _aIVIII, 1494P,:ILL | ||
| 500 | _aINCLUIDES INDEX. | ||
| 650 | _aMEDICINE | ||
| 700 | _aPAREEK ,KK | ||
| 942 |
_2lcc _cBK |
||
| 999 |
_c216720 _d216720 |
||